| 000 | 00535nam a22001817a 4500 | ||
|---|---|---|---|
| 003 | 0 | ||
| 005 | 20231204100211.0 | ||
| 008 | 231204b xxu||||| |||| 00| 0 eng d | ||
| 020 | _a978-621-406-323-9 | ||
| 050 |
_aTX 661 _b.L34 2023 |
||
| 100 | _aLago, Elpedia M. Marte | ||
| 245 |
_aIntroduction to culinary arts _c Elpedia M. Marte Lago |
||
| 260 |
_aManila _bMindshapers Co., Inc. _cc2023. |
||
| 300 |
_ax,361 pages ; _c26 cm. |
||
| 504 | _aIncludes bibliographical references. | ||
| 650 | _aCulinary arts. | ||
| 942 |
_2lcc _cBK |
||
| 999 |
_c365696 _d365696 |
||